000 00391nam a2200157Ia 4500
003 Ost
005 20260225132544.0
008 260225s9999||||xx |||||||||||||| ||und||
040 _cfsic
041 _afre
082 _a440
100 _aHamid Temmar
_eAuteur
245 0 _aPlanification du développement des procédures et les institutions /
245 0 _cHamid Temmar
942 _cكتاب
999 _c33719
_d33719